000 00848nam a22002411 4500
001 20556
003 CZ PrNK
005 20260126122634.0
008 020507s1953 xo ||| | slo
040 _aABA001
_bcze
_cABA001
_dABA001
041 1 _aslo
_hrus
100 1 _aGogol‘, Nikolaj Vasil‘jevič,
_d1809-1852
_4aut
240 1 0 _aMirgorod.
_lSlovensky
245 1 0 _aMirhorod /
_cNikolaj Vasil'jevič Gogol' ; Z ruš. prel. Zora Jasenská
260 _aBratislava :
_bSlov. vydav. krásnej lit.,
_c1953
300 _a280 s. :
_b1 obr. příl. ;
_c21 cm
490 1 _aSpisy v 5 zväzkoch [Gogol', N.V.] ;
_vZv. 1
490 1 _aEdícia svetových klasikov
830 0 _aSpisy v 5 zväzkoch [Gogol', N.V.]
830 0 _aEdícia svetových klasikov (Slovenské vydavateľstvo krásnej literatúry)
910 _aABA001
942 _2ddc
_cKLDO
_n0
999 _c20556
_d20556